000 00828nam a2200253 i 4500
001 C2-0328909
003 PPAK
005 20180728130107.0
008 141028s2012 my a|||| ||||| | eng d
020 _a9789838615594
040 _aPPAK
_beng
_cPPAK
_erda
082 0 4 _a378.595113
_223
090 0 0 _a378.595113
_bBLU
_dR
245 0 0 _aBlue ocean strategy :
_binsight and experiences of Universiti Sains Malaysia
264 1 _aPulau Pinang :
_bPenerbit Universiti Sains Malaysia ,
_c2012
300 _axxx, 169 pages :
_billustrations ;
_c23 cm
336 _2rdacontent
_atext
337 _2rdamedia
_aunmediated
338 _2rdacarrier
_avolume
500 _aIncludes index.
650 1 0 _aEducation, Higher - Pulau Pinang. ; Education and state - Pulau Pinang.
700 0 _aRamli Mohamed,
_eeditor
942 _ddc
_cB
999 _c128184
_d128184